A study the compositions of Purandaradasa and Tyagaraja / (Record no. 128737)

MARC details
000 -LEADER
fixed length control field 00766nam a22002297a 4500
005 - DATE AND TIME OF LATEST TRANSACTION
control field 20170124110044.0
010 ## - LIBRARY OF CONGRESS CONTROL NUMBER
LC control number A-754320
020 ## - INTERNATIONAL STANDARD BOOK NUMBER
Terms of availability 200.00
035 ## - SYSTEM CONTROL NUMBER
System control number A-754320
037 ## - SOURCE OF ACQUISITION
Source of stock number/acquisition Cen Lib/Ret
040 ## - CATALOGING SOURCE
Original cataloging agency DPL
Language of cataloging EN
082 ## - DEWEY DECIMAL CLASSIFICATION NUMBER
Classification number 781.3
Item number LAK
100 ## - MAIN ENTRY--PERSONAL NAME
Personal name Lakshmi, T. Seetharama
9 (RLIN) 24264
245 ## - TITLE STATEMENT
Title A study the compositions of Purandaradasa and Tyagaraja /
Statement of responsibility, etc by T. Seetharama Lakshmi
260 ## - PUBLICATION, DISTRIBUTION, ETC. (IMPRINT)
Place of publication, distribution, etc Banglore
Name of publisher, distributor, etc Veda Sruti Publications
Date of publication, distribution, etc 1994
270 ## - ADDRESS
City Banglore
Address 234, 'Padmasudha', 11th B Cross, 20th Main, J. P. Nagar II Phase
Postal code 560078
300 ## - PHYSICAL DESCRIPTION
Extent xx,399p.
Dimensions 21cm(Hb)
500 ## - GENERAL NOTE
General note Includes bibliographical references<br/><br/>
650 ## - SUBJECT ADDED ENTRY--TOPICAL TERM
Topical term or geographic name as entry element Musical forms
9 (RLIN) 24265
650 ## - SUBJECT ADDED ENTRY--TOPICAL TERM
Topical term or geographic name as entry element Musical compositions
9 (RLIN) 24266
942 ## - ADDED ENTRY ELEMENTS (KOHA)
Source of classification or shelving scheme Dewey Decimal Classification
Koha item type English Books
Classification part 781.3
Call number suffix LAK
Holdings
Withdrawn status Lost status Damaged status Not for loan Home library Current library Date acquired Source of acquisition Cost, normal purchase price Total Checkouts Full call number Barcode Date last seen Copy number Cost, replacement price Price effective from Koha item type Public note
Written off       Central Library Central Library 03/07/2015 Cen Lib/Ret 200.00   781.3 LAK A-754320 03/07/2015 1 200.00 03/07/2015 English Books Written off on approval by DLB (By Circulation); dtd 15-06-2023

© Delhi Public Library
Hit Counter
free hit counter